| 000 | 00892aas a2200181 4500 | ||
|---|---|---|---|
| 003 | BR-BrBNA | ||
| 005 | 20260324105026.0 | ||
| 007 | ta | ||
| 008 | 230119b bl ||||| |||| 00| 0 por d | ||
| 040 |
_aBR-BrBNA _bPort. _cBR-BrBNA |
||
| 044 | _abl | ||
| 245 | _aSindiRural (Brazil) | ||
| 260 |
_aCascavel-PR _bSindicato Rural Patronal de Cascavel _c2007 _eCascavel-PR |
||
| 270 | _aRua Paraná, 3937 - Cep: 85810-010 | ||
| 310 | _abimestral (de dois em dois meses) | ||
| 505 | _a2007 (1); 2008 1(2-7); 2009 2(8-12); 2009/2010 3(13); 2010 3 (14-18); 2010/2011 4 (19); 2011 4 (20-24); 2011/2012 5 (25); 2012 5 (26-29); 2013 5 (31-35); 2014 7(37, 39, 42); 2015 8 (43, 44 enc.espec.,46-49,51,53); 2016 8 (55-56,59,61,); 2017 8, 10 (64,67); 2018 10 (68, 72-73); 2019 10, 12 (74-79); 2020 8(80-81); 2021 14(87); 2022 15 (91); 2024 15 (103,106); 2025 15(108-113); 2026 15(114); | ||
| 942 |
_cCR _2AGRIS |
||
| 999 |
_c4846 _d4846 |
||